| 000 | 00742nam a2200241Ia 4500 | ||
|---|---|---|---|
| 003 | OSt | ||
| 005 | 20220918110203.0 | ||
| 006 | a|||||r|||| 00| 0 | ||
| 007 | ta | ||
| 008 | 220915b |||||||| |||| 00| 0 eng d | ||
| 024 | _a233287 | ||
| 037 | _cReference Collections | ||
| 040 |
_aARTS _cARTS _beng |
||
| 041 |
_2eng _aeng |
||
| 082 | _aV2:71.N, P5.1-.2(RR) | ||
| 100 |
_aSharma R. K. Ed. _96301 |
||
| 245 | 0 |
_aRevealing India's past _b Recent trends in art and archaeology |
|
| 260 |
_aNew Delhi _bAryan books _c2005 |
||
| 650 | _aHISTORY | ||
| 700 |
_a Handa Devendra Ed. _96302 |
||
| 942 |
_hV2:71.N, P5.1-.2(RR) _cREF |
||
| 999 |
_c111528 _d111528 |
||